| 000 | 00655nam a2200265Ia 4500 | ||
|---|---|---|---|
| 003 | IT-RoPAU | ||
| 008 | 120407s9999 xx 000 0 und d | ||
| 040 | _aIT-RoPAU | ||
| 040 | _cIT-RoPAU | ||
| 041 | _aita | ||
| 100 | _aGiovanna Della Croce | ||
| 100 | _ccoll. | ||
| 245 | _aConoscere Dio è la vocazione dell’uomo. Antropologia mistica in S. Giovanni della Croce. | ||
| 250 | _aCinisello Balsamo | ||
| 260 | _aEdizioni Paoline | ||
| 260 | _c1991 | ||
| 300 | _a205 p. | ||
| 300 | _c21 cm | ||
| 490 | _a Spiritualità | ||
| 490 | _v12 | ||
| 700 | _aLuigi Borriello | ||
| 700 | _aGiovanna Della Croce | ||
| 942 | _cBK | ||
| 999 |
_c28539 _d28539 |
||